Započítanie na finančných trhoch
Pojem započítanie - jeden zo spôsobov zániku záväzkov (občiansky zákonník). Ekonomické vnímanie započítania. Jednotlivé druhy započítania na finančných trhoch: započítanie platieb (payment netting), započítanie nováciou (netting by novation), započítanie na účte (account netting), vyrovnanie pozícií...
Gespeichert in:
| 1. Verfasser: | |
|---|---|
| Format: | Buchkapitel |
| Sprache: | Slowakisch |
| Schlagworte: | |
| Tags: |
Keine Tags, Fügen Sie das erste Tag hinzu!
|
MARC
| LEADER | 00000naa$a2200000$$$4500 | ||
|---|---|---|---|
| 001 | 0026967 | ||
| 005 | 20231116082343.0 | ||
| 041 | 0 | |a slo | |
| 044 | |a SK | ||
| 245 | 1 | 0 | |a Započítanie na finančných trhoch |c Peter Baláž |
| 520 | |a Pojem započítanie - jeden zo spôsobov zániku záväzkov (občiansky zákonník). Ekonomické vnímanie započítania. Jednotlivé druhy započítania na finančných trhoch: započítanie platieb (payment netting), započítanie nováciou (netting by novation), započítanie na účte (account netting), vyrovnanie pozícií (close-out netting), jednostranné započítanie ( legal rights of set-off), klíring (clearing). | ||
| 610 | 2 | 0 | |a trh finančný |
| 610 | 2 | 0 | |a obchody bankové |
| 610 | 2 | 0 | |a pohľadávky |
| 610 | 2 | 0 | |a pojmy |
| 610 | 2 | 0 | |a netting |
| 610 | 2 | 0 | |a klíring |
| 610 | 2 | 0 | |a úpravy právne |
| 610 | 2 | 0 | |a právo záväzkové |
| 100 | 1 | |a Baláž, Peter | |